000 01363nam0a22002531 4500
001 rc\4030324
005 20260407144440.0
021 _aRU
_b[49-24309]
035 _a(NLR Aleph) 007953228
090 _a8352499
_c8352499
100 _a20130415d1949 |||y0rusy50 ca
101 0 _arus
102 _aRU
105 _ay z |||||
200 1 _aУнифицированные нормы времени на ремонт паровых котлов локомобильного типа и паровых насосов (донка) системы "Вортингтон"
_fЦентр. науч.-исслед. ин-т механизации и организации труда в нефт. пром-сти "ЦИМТНефть". Нормативно-исслед. группа объединения "Краснодарнефть"
210 _aКраснодар
_cТип. газ. "Колхоз. Кубань" в стан. Марьянской
_d1949
215 _a25 с.
_d19
710 0 2 _a"Краснодарнефть", об-ние
_9508746
_3RU\NLR\AUTH\8810005676
712 0 2 _aЦНИИ механизации и организации труда в нефтяной промышленности
_cМосква
_9534785
_3RU\NLR\AUTH\8810018467
801 0 _aRU
_bNLR
_gpsbo
801 1 _aRU
_bELAR
_2rusmarc
852 _aNLR
_jТ14 Г-4/790
942 _cBOOK
980 _aNB